[Event "Verkhnya Salda-ch"]
[Site "Verkhnya Salda"]
[Date "2010.03.06"]
[Round "8"]
[White "Chashchin, Mikhail"]
[Black "Androsenko, Igor"]
[Result "1-0"]
[WhiteElo "2315"]
[BlackElo "1991"]
[PlyCount "87"]
[EventDate "2010.02.13"]
[EventType "tourn"]
[EventRounds "11"]
[EventCountry "RUS"]
[SourceTitle "EXT 2022"]
[Source "ChessBase"]
[SourceDate "2021.10.06"]
[SourceVersion "1"]
[SourceVersionDate "2021.10.06"]
[SourceQuality "1"]

1. c4 Nf6 2. Nc3 e6 3. e4 d5 4. e5 Nfd7 5. d4 dxc4 6. Bxc4 Nb6 7. Bd3 c5 8. Nf3 Nc6 9. Bg5 Be7 10. dxc5 Bxg5 11. cxb6 axb6 12. 0-0 Bh6 13. Qe2 0-0 14. Rfd1 Bd7 15. Bxh7+ Kxh7 16. Qd3+ g6 17. Qxd7 Qb8 18. Qd6 Bg7 19. Ng5+ Kg8 20. Qxb8 Raxb8 21. f4 Rfd8 22. Nge4 Bf8 23. Nf6+ Kg7 24. Nd7 Bc5+ 25. Kf1 Rbc8 26. Nxc5 bxc5 27. Rxd8 Rxd8 28. Rd1 Rxd1+ 29. Nxd1 g5 30. fxg5 Nxe5 31. h4 Kg6 32. Ke2 Kh5 33. g3 Kg4 34. Kf2 Nd3+ 35. Ke3 Ne5 36. Kf2 Nd3+ 37. Kg2 Ne1+ 38. Kf1 Nd3 39. Nf2+ Nxf2 40. Kxf2 b5 41. a3 Kf5 42. Kf3 e5 43. g4+ Ke6 44. Ke4 1-0

[Event "Nizhnij Tagil op"]
[Site "Nizhnij Tagil"]
[Date "2008.12.14"]
[Round "10"]
[White "Kaliberda, Vladimir"]
[Black "Chashchin, Mikhail"]
[Result "1-0"]
[WhiteElo "2323"]
[BlackElo "2301"]
[PlyCount "53"]
[EventDate "2008.12.06"]
[EventType "swiss"]
[EventRounds "11"]
[EventCountry "RUS"]
[SourceTitle "EXT 2010"]
[Source "ChessBase"]
[SourceDate "2010.11.25"]
[SourceVersion "1"]
[SourceVersionDate "2010.11.25"]
[SourceQuality "1"]

1. d4 Nf6 2. Nf3 g6 3. c4 Bg7 4. Nc3 0-0 5. e4 d6 6. Be2 Bg4 7. Be3 Nfd7 8. Rc1 e5 9. d5 Bxf3 10. Bxf3 f5 11. b4 a5 12. a3 Na6 13. Rb1 Rf7 14. 0-0 Qf8 15. exf5 gxf5 16. Bh5 Re7 17. c5 axb4 18. axb4 Bh6 19. c6 bxc6 20. dxc6 Nf6 21. Nd5 Nxd5 22. Qxd5+ Kh8 23. Bxh6 Qxh6 24. Be2 Ree8 25. Rb3 Qf4 26. Bxa6 Rxa6 27. Qf7 1-0

[Event "Nizhnij Tagil op"]
[Site "Nizhnij Tagil"]
[Date "2008.12.09"]
[Round "5"]
[White "Ogloblin, Nikolay"]
[Black "Chashchin, Mikhail"]
[Result "1-0"]
[WhiteElo "2417"]
[BlackElo "2301"]
[PlyCount "89"]
[EventDate "2008.12.06"]
[EventType "swiss"]
[EventRounds "11"]
[EventCountry "RUS"]
[SourceTitle "EXT 2010"]
[Source "ChessBase"]
[SourceDate "2010.11.25"]
[SourceVersion "1"]
[SourceVersionDate "2010.11.25"]
[SourceQuality "1"]

1. Nf3 c5 2. c4 Nf6 3. g3 g6 4. Bg2 Bg7 5. 0-0 0-0 6. Nc3 Nc6 7. d4 d6 8. d5 Na5 9. Nd2 a6 10. Qc2 Rb8 11. b3 b5 12. Rb1 e6 13. cxb5 exd5 14. Nxd5 Bf5 15. Nxf6+ Bxf6 16. e4 Bc8 17. b4 cxb4 18. Rxb4 axb5 19. Nf3 Be6 20. Bh6 Qc8 21. Qb1 Bc4 22. Bxf8 Qxf8 23. a4 Nc6 24. Rxb5 Bxb5 25. axb5 Nd4 26. Nxd4 Bxd4 27. Qd3 Qg7 28. Rc1 Qf6 29. Rc2 Ra8 30. Bf1 Bc5 31. Qd5 Ra3 32. e5 Qf5 33. Rxc5 dxc5 34. Qxc5 Ra1 35. Qc3 Rb1 36. Qe3 Qd7 37. Qe2 Kg7 38. h4 Qd4 39. h5 Rb2 40. Qf3 Qxe5 41. h6+ Kxh6 42. Qxf7 Qf5 43. Qa7 Rxb5 44. Qe3+ Qg5 45. Bxb5 1-0

[Event "Nizhnij Tagil op"]
[Site "Nizhnij Tagil"]
[Date "2008.12.07"]
[Round "2"]
[White "Chashchin, Mikhail"]
[Black "Sufiev, Rinat"]
[Result "1-0"]
[WhiteElo "2301"]
[BlackElo "2202"]
[PlyCount "91"]
[EventDate "2008.12.06"]
[EventType "swiss"]
[EventRounds "11"]
[EventCountry "RUS"]
[SourceTitle "EXT 2010"]
[Source "ChessBase"]
[SourceDate "2010.11.25"]
[SourceVersion "1"]
[SourceVersionDate "2010.11.25"]
[SourceQuality "1"]

1. c4 e5 2. Nc3 Bb4 3. Nf3 Bxc3 4. dxc3 Nc6 5. g3 Nge7 6. c5 d5 7. cxd6 Qxd6 8. Qxd6 cxd6 9. b3 d5 10. Ba3 f6 11. Bg2 Kf7 12. 0-0 Rd8 13. Ne1 Bg4 14. f3 Bf5 15. f4 exf4 16. Rxf4 g5 17. Bxe7 Nxe7 18. Rd4 Rac8 19. Rc1 Be6 20. Nf3 Rd7 21. Ra4 b5 22. Rb4 a6 23. Nd4 Rdc7 24. a4 Rxc3 25. Rxc3 Rxc3 26. axb5 axb5 27. Rxb5 Rc7 28. Kf2 h5 29. Rb6 Bc8 30. Nb5 Rc2 31. Nd6+ Kg7 32. Ne8+ Kf7 33. Nxf6 Be6 34. Nh7 Bf5 35. Nxg5+ Ke8 36. Ne6 Bxe6 37. Rxe6 Kf7 38. Rh6 d4 39. Be4 Rb2 40. Bd3 Kg7 41. Rxh5 Rxb3 42. Rh7+ Kf6 43. Bc4 Rb7 44. h4 Rc7 45. Rf7+ Kg6 46. Be6 1-0